[Event "Skara Vastgota op"]
[Site "Skara"]
[Date "2022.10.30"]
[Round "6"]
[White "Wengholm, Anders"]
[Black "Thyberg, Andre"]
[Result "0-1"]
[WhiteElo "2222"]
[BlackElo "1507"]
[PlyCount "64"]
[EventDate "2022.10.29"]
[EventType "swiss"]
[EventRounds "9"]
[EventCountry "SWE"]
[SourceTitle "EXT 2024"]
[Source "ChessBase"]
[SourceDate "2023.10.10"]
[SourceVersion "1"]
[SourceVersionDate "2023.10.10"]
[SourceQuality "1"]

1. Nf3 Nf6 2. c4 c5 3. Nc3 d5 4. cxd5 Nxd5 5. d4 g6 6. dxc5 Nxc3 7. Qxd8+ Kxd8 8. bxc3 f6 9. Nd4 e5 10. Nb3 a5 11. Be3 Be6 12. g3 Nd7 13. Bg2 Kc7 14. f4 a4 15. Nd2 Bxc5 16. Bxc5 Nxc5 17. fxe5 fxe5 18. Nf3 Bd5 19. 0-0 Bxf3 20. exf3 Rad8 21. Rfe1 Rhe8 22. Bf1 Rd2 23. Bb5 Re6 24. Re3 Rb6 25. Bf1 Kd6 26. Rae1 Rbb2 27. Rxe5 Rxh2 28. f4 Rxa2 29. Rd1+ Rhd2 30. Rde1 Rac2 31. Re8 Rxc3 32. Rd8+ Nd7 0-1